000 00710nam a2200229 i 4500
001 146515
003 ES-MaACL
005 20230906201550.0
007 t|
008 070911s1973 sp ||||1| spa d
080 _a62/.69:008
100 1 _aToynbee, Arnold Joseph.
_9111194
245 1 3 _aEl desafío del futuro /
_cArnold Joseph Toynbee ; [traductor Marta Ruiz Fernández-Lavid].
260 _a[Madrid] :
_bGuadiana,
_c[1973]
300 _a217 p. ;
_c21 cm.
490 1 _aPensamiento y ensayo
650 4 _aTecnología y civilización.
_917420
700 1 _aRuiz Fernández-Lavid, Marta.
_9100797
830 1 _aPensamiento y ensayo
_9220846
852 _aES-MaACL
_jC-52002
999 _c146515
_d146515